000 00285nam a22001217a 4500
040 _cSY
082 _a338
100 _aនាង សុឃន
245 _aប្រព័ន្ធកសិកម្មចំរុះ
260 _aRUA
_bនាង
_c2011
300 _a56p.
942 _cKB
999 _c9557
_d9557